عرض عادي
عرض مارك
- Schütze, Hinrich.
مدخل إسم شخص
001 - رقم الضبط
- حقل الضبط: 13237
003 - معرف رقم الضبط
- حقل الضبط: OSt
005 - تاريخ ووقت أخر عملية
- حقل الضبط: 20120510025440.0
008 - عناصر بيانات ثابتة الطول
- حقل تحكم ثابت الطول: 120510|||a|||||| | ||| d
040 ## - مصدر الفهرسة
- هيئة الفهرسة الأصلية: OSt
- وكالة الكتابة: OSt
100 ## - مدخل -- أسم شخص
- إسم شخص: Schütze, Hinrich.
670 ## - بيانات المصدر موجوده
- الاستشهاد بالمصدر: Work cat.: (OSt)23656: Manning, Christopher D. 13233, Introduction to information retrieval /, 2008.
